000 003410000a22001330004500
041 0 _aSPA
082 0 4 _aG 843 S1291b
100 1 _aSagan, Françoise
245 1 0 _aBuenos días, tristeza / Françoise Sagan; Noel Clarasó, Traductor
260 _aBarcelona, España : Círculo de Lectores
300 _a136 Pag
001 10942
942 _cBK
999 _c40333
_d40333